<?xml version="1.0" encoding="UTF-8"?>
<collection xmlns="http://www.loc.gov/MARC21/slim">
 <record>
  <leader>05390nam a22005655i 4500</leader>
  <controlfield tag="001">978-1-4939-0524-9</controlfield>
  <controlfield tag="003">DE-He213</controlfield>
  <controlfield tag="005">20210616012616.0</controlfield>
  <controlfield tag="007">cr nn 008mamaa</controlfield>
  <controlfield tag="008">140403s2014    xxu|    s    |||| 0|eng d</controlfield>
  <datafield tag="020" ind1=" " ind2=" ">
   <subfield code="a">9781493905249</subfield>
   <subfield code="9">978-1-4939-0524-9</subfield>
  </datafield>
  <datafield tag="024" ind1="7" ind2=" ">
   <subfield code="a">10.1007/978-1-4939-0524-9</subfield>
   <subfield code="2">doi</subfield>
  </datafield>
  <datafield tag="050" ind1=" " ind2="4">
   <subfield code="a">QH540-549.5</subfield>
  </datafield>
  <datafield tag="072" ind1=" " ind2="7">
   <subfield code="a">PSAF</subfield>
   <subfield code="2">bicssc</subfield>
  </datafield>
  <datafield tag="072" ind1=" " ind2="7">
   <subfield code="a">SCI020000</subfield>
   <subfield code="2">bisacsh</subfield>
  </datafield>
  <datafield tag="072" ind1=" " ind2="7">
   <subfield code="a">PSAF</subfield>
   <subfield code="2">thema</subfield>
  </datafield>
  <datafield tag="082" ind1="0" ind2="4">
   <subfield code="a">577</subfield>
   <subfield code="2">23</subfield>
  </datafield>
  <datafield tag="100" ind1="1" ind2=" ">
   <subfield code="a">Bailey, Robert G.</subfield>
   <subfield code="e">author.</subfield>
   <subfield code="4">aut</subfield>
   <subfield code="4">http://id.loc.gov/vocabulary/relators/aut</subfield>
  </datafield>
  <datafield tag="245" ind1="1" ind2="0">
   <subfield code="a">Ecoregions</subfield>
   <subfield code="h">[electronic resource] :</subfield>
   <subfield code="b">The Ecosystem Geography of the Oceans and Continents /</subfield>
   <subfield code="c">by Robert G. Bailey.</subfield>
  </datafield>
  <datafield tag="250" ind1=" " ind2=" ">
   <subfield code="a">2nd ed. 2014.</subfield>
  </datafield>
  <datafield tag="264" ind1=" " ind2="1">
   <subfield code="a">New York, NY :</subfield>
   <subfield code="b">Springer New York :</subfield>
   <subfield code="b">Imprint: Springer,</subfield>
   <subfield code="c">2014.</subfield>
  </datafield>
  <datafield tag="300" ind1=" " ind2=" ">
   <subfield code="a">XV, 180 p. 134 illus., 54 illus. in color.</subfield>
   <subfield code="b">online resource.</subfield>
  </datafield>
  <datafield tag="336" ind1=" " ind2=" ">
   <subfield code="a">text</subfield>
   <subfield code="b">txt</subfield>
   <subfield code="2">rdacontent</subfield>
  </datafield>
  <datafield tag="337" ind1=" " ind2=" ">
   <subfield code="a">computer</subfield>
   <subfield code="b">c</subfield>
   <subfield code="2">rdamedia</subfield>
  </datafield>
  <datafield tag="338" ind1=" " ind2=" ">
   <subfield code="a">online resource</subfield>
   <subfield code="b">cr</subfield>
   <subfield code="2">rdacarrier</subfield>
  </datafield>
  <datafield tag="347" ind1=" " ind2=" ">
   <subfield code="a">text file</subfield>
   <subfield code="b">PDF</subfield>
   <subfield code="2">rda</subfield>
  </datafield>
  <datafield tag="505" ind1="0" ind2=" ">
   <subfield code="a">1. Introduction 2. Oceanic Types and Their Controls -- 3. The Ecoregions of the Oceans -- 4. Continental Types and Their Controls -- 5. Ecoregions of the Continents: The Polar Ecoregions -- 6. The Humid Temperate Ecoregions -- 7. The Dry Ecoregions -- 8. The Humid Tropical Ecoregions -- 9. The Mountain Ecoregions -- 10. Ecoregion Redistribution under Climate Change -- 11. Continental Patterns and Boundaries -- 12. Application of Ecoregional Patterns -- 13. Fire Regimes at the Ecoregion Scale -- 14. Summary and Conclusions -- Appendix A: Air Masses and Frontal Zones -- Appendix B: Common and Scientific Names -- Appendix C. Conversion Factors -- Appendix D. Comparison of Ecoregion and Related Approaches.</subfield>
  </datafield>
  <datafield tag="520" ind1=" " ind2=" ">
   <subfield code="a">The first edition of this book (1998) classified and characterized the regional-scale ecosystem units (ecoregions) of the Earth as shown on a map that Bailey developed with the encouragement of several international organizations. In addition to the descriptive account, his primary goal was to suggest explanations of the mechanisms that act to produce the world pattern of ecoregion distribution, and to consider some of the implications for land use. He included ocean types, since understanding land regions depends on understanding ocean systems. The increasing importance of ecoregions is confirmed by the fact that much planning, research, and management efforts by the US Forest Service, The Nature Conservancy, World Wildlife Fund and other organizations are taking place now within the framework of ecoregions. Over years since the book was first published a number of studies have greatly contributed to a better understanding of the Earth’s ecoregions. This second edition is a completely updated and expanded version. New sections address how ecoregions are changing under the relentless influence of humans (such as modification of fire regimes and the introduction of invasive species) and climate change, the use of ecoregional patterns to transfer research results and select sites for detecting climate change effects on ecosystem distribution, and the use of ecoregional patterns to design monitoring networks and sustainable landscapes. From the reviews of the 1st edition: &quot;Ecoregions offers an invaluable source of description, interpretation and analysis of global patterns of ecosystem distribution and successfully provides the reader with a means of making sense of these patterns.&quot; –Geography “… this volume provides two major advances over previous works … Bailey realizes that understanding continental systems requires a grasp of the enormous influence that ocean systems and mountain building exert on terrestrial climatic patterns…” –The Quarterly Review of Biology About the Author: Robert G. Bailey is a geographer with the United States Forest Service, Rocky Mountain Research Station, Inventory and Monitoring Program, in Fort Collins, Colorado, and the former leader of the agency’s Ecosystem Management Analysis Center. His work involves the application of ecosystem geography to ecological planning and design.</subfield>
  </datafield>
  <datafield tag="650" ind1=" " ind2="0">
   <subfield code="a">Ecology .</subfield>
  </datafield>
  <datafield tag="650" ind1=" " ind2="0">
   <subfield code="a">Geography.</subfield>
  </datafield>
  <datafield tag="650" ind1=" " ind2="0">
   <subfield code="a">Regional planning.</subfield>
  </datafield>
  <datafield tag="650" ind1=" " ind2="0">
   <subfield code="a">Urban planning.</subfield>
  </datafield>
  <datafield tag="650" ind1=" " ind2="0">
   <subfield code="a">Geoecology.</subfield>
  </datafield>
  <datafield tag="650" ind1=" " ind2="0">
   <subfield code="a">Environmental geology.</subfield>
  </datafield>
  <datafield tag="650" ind1=" " ind2="0">
   <subfield code="a">Nature conservation.</subfield>
  </datafield>
  <datafield tag="650" ind1="1" ind2="4">
   <subfield code="a">Ecology.</subfield>
   <subfield code="0">https://scigraph.springernature.com/ontologies/product-market-codes/L19007</subfield>
  </datafield>
  <datafield tag="650" ind1="2" ind2="4">
   <subfield code="a">Geography, general.</subfield>
   <subfield code="0">https://scigraph.springernature.com/ontologies/product-market-codes/J00000</subfield>
  </datafield>
  <datafield tag="650" ind1="2" ind2="4">
   <subfield code="a">Landscape/Regional and Urban Planning.</subfield>
   <subfield code="0">https://scigraph.springernature.com/ontologies/product-market-codes/J15000</subfield>
  </datafield>
  <datafield tag="650" ind1="2" ind2="4">
   <subfield code="a">Geoecology/Natural Processes.</subfield>
   <subfield code="0">https://scigraph.springernature.com/ontologies/product-market-codes/U21006</subfield>
  </datafield>
  <datafield tag="650" ind1="2" ind2="4">
   <subfield code="a">Nature Conservation.</subfield>
   <subfield code="0">https://scigraph.springernature.com/ontologies/product-market-codes/U26008</subfield>
  </datafield>
  <datafield tag="710" ind1="2" ind2=" ">
   <subfield code="a">SpringerLink (Online service)</subfield>
  </datafield>
  <datafield tag="773" ind1="0" ind2=" ">
   <subfield code="t">Springer Nature eBook</subfield>
  </datafield>
  <datafield tag="776" ind1="0" ind2="8">
   <subfield code="i">Printed edition:</subfield>
   <subfield code="z">9781493905256</subfield>
  </datafield>
  <datafield tag="776" ind1="0" ind2="8">
   <subfield code="i">Printed edition:</subfield>
   <subfield code="z">9781493905232</subfield>
  </datafield>
  <datafield tag="776" ind1="0" ind2="8">
   <subfield code="i">Printed edition:</subfield>
   <subfield code="z">9781493937066</subfield>
  </datafield>
  <datafield tag="856" ind1="4" ind2="0">
   <subfield code="u">https://doi.org/10.1007/978-1-4939-0524-9</subfield>
  </datafield>
  <datafield tag="912" ind1=" " ind2=" ">
   <subfield code="a">ZDB-2-SBL</subfield>
  </datafield>
  <datafield tag="912" ind1=" " ind2=" ">
   <subfield code="a">ZDB-2-SXB</subfield>
  </datafield>
  <datafield tag="950" ind1=" " ind2=" ">
   <subfield code="a">Biomedical and Life Sciences (SpringerNature-11642)</subfield>
  </datafield>
  <datafield tag="950" ind1=" " ind2=" ">
   <subfield code="a">Biomedical and Life Sciences (R0) (SpringerNature-43708)</subfield>
  </datafield>
 </record>
</collection>
